German Vocabulary "D" - Statistics

General Stats
  • This quiz has been taken 278 times
  • The average score is 12 of 20
Answer Stats
German English % Correct
Deutschland Germany
99%
Dienstag Tuesday
93%
dünn thin
92%
denken think
87%
dunkel dark
86%
Dusche shower
86%
dreißig thirty
86%
Diamant diamond
85%
Dorf village
76%
Drache dragon
54%
Donau Danube
50%
Dichter poet
42%
drucken print
42%
Daumen thumb
37%
Dattel date
29%
Dampf steam
29%
Dose can
28%
Dolmetscher interpreter
21%
Dudelsack bagpipes
17%
Dackel dachshund
16%
No matching quizzes found
Score Distribution
Percent of People with Each Score
Percentile by Number Answered
Your Score History
You have not taken this quiz